000
00318nam a22001457a 4500
008
210429b ||||| |||| 00| 0 eng d
020
_a
9780877797081
041
_a
eng
080
_2
10th
_a
038
082
_a
038
100
_a
23
101
_a
FJA
245
_a
Collegiate Dictionary
_c
Wesbster,M
942
_2
udc
_c
BK
999
_c
56962
_d
56962